| 000 | 00773nam a22002057a 4500 | ||
|---|---|---|---|
| 999 |
_c1086 _d1086 |
||
| 003 | AR-CdUCM | ||
| 008 | 190226b ||||| |||| 00| 0 spa d | ||
| 040 |
_aMUNICIPALIDAD PROVINCIAL DEL CUSCO _cBIBLIOTECA MUNICIPAL DEL CUSCO |
||
| 082 |
_a920.85 / _bY49. |
||
| 100 |
_aYépez Miranda, Alfredo _94230 |
||
| 245 | _aPor nuestros caminos / | ||
| 260 |
_aCusco : _bUniversitaria, _c1992. |
||
| 300 |
_a108 páginas ; _c20 cm. |
||
| 505 | _aMi infancia -- La universidad -- Vacaciones -- Otra vez la universidad -- Mis primeras composiciones -- Mi labor docente -- Mi ingreso en política -- Mi labor como profesor... | ||
| 650 |
_aBiografías _9148 |
||
| 650 |
_aCusco _9772 |
||
| 650 |
_aInstituciones culturales _94231 |
||
| 942 |
_2ddc _cLIBROS |
||
| 945 |
_araen _d2019-02-26 |
||